Language Quiz

Random Language or French Quiz

French: Food Quiz Stats

 Plays Quiz Updated Sep 19, 2018

Score 0/20 Timer 05:00
15 Plays Today
English French % Correct
Orangel'orange
94.3%
Cheesele fromage
93.7%
Applela pomme
82.8%
Breadle pain
79.8%
Fishle poisson
79%
Tomatola tomate
78.2%
Chickenle poulet
78.1%
Eggl'œuf
75.1%
Sugarle sucre
73.5%
Bananala banane
71.3%
English French % Correct
Hamle jambon
69.7%
Strawberryla fraise
66.9%
Ricele riz
58.4%
Soupla soupe
55.3%
Mushroomle champignon
46.6%
Porkle porc
45.2%
Grapele raisin
40.7%
Sausagele saucisson
40.3%
Onionl'oignon
39.9%
Corn (Sweet)le maïs
39.7%

You're not logged in!

Compare scores with friends on all Sporcle quizzes.
OR
Log In

Sporcle TV

Today on Sporcle TV


Watch our educational content, quiz creation guides, and fun videos on Sporcle TV.

Show Comments

Extras

Top Quizzes Today


Score Distribution

Your Account Isn't Verified!

In order to create a playlist on Sporcle, you need to verify the email address you used during registration. Go to your Sporcle Settings to finish the process.

Report this User

Report this user for behavior that violates our Community Guidelines.

Details: